Logo BPK

Biblioteka

Politechniki Koszalińskiej

Fiziceskaja chimija kondensirovannych faz sverchtverdych materialov i ich granic razdela. (Rekord nr 16270)

Szczegóły MARC
000 -ETYKIETA REKORDU
podpole kontrolne o stałej długości 00506nam a2200169 i 4500
001 - NUMER KONTROLNY REKORDU
pole kontrolne bg
040 ## - ŹRÓDŁO KATALOGOWANIA
Instytucja, która utworzyła rekord BPK
041 ## - KOD JĘZYKA
Kod języka tekstu pol
080 ## - UNIWERSALNA KLASYFIKACJA DZIESIĘTNA - UKD
UKD 541.1:532
008 - POLE O STAŁEJ DŁUGOŚCI - DANE KONTROLNE
podpole kontrolne o stałej długości s pl f |000 0 pol
245 #0 - TYTUŁ/ODPOWIEDZIALNOŚĆ
Tytuł Fiziceskaja chimija kondensirovannych faz sverchtverdych materialov i ich granic razdela.
260 ## - STREFA ADRESU WYDAWNICZEGO
Miejsce wydania Kiev :
Nazwa wydawcy/dystrybutora Izdat. "Naukova Dumka",
Data publikacji, dystrybucji/powstania dokumentu 1975.
300 ## - STREFA OPISU FIZYCZNEGO
Objętość s. 231, nlb. 1, [tabl.] [w tym] nlb. 4 :
Inne cechy fizyczne rys., ilustr.
500 ## - UWAGI OGÓLNE
Tekst uwagi [Alf. ros.].
504 ## - UWAGA DOTYCZĄCA BIBLIOGRAFII
Informacje o bibliografii [Zaiera bibliogr.].
856 ## - LOKALIZACJA I DOSTĘP DO ELEKTRONICZNYCH DOKUMENTÓW ZDALNYCH
Link (URL) http://koha.tu.koszalin.pl/cgi-bin/koha/opac-detail.pl?biblionumber=16270
Tekst linku Katalog online BPK
942 ## - DODATKOWE ELEMENTY (KOHA)
Typ dokumentu Książka
Egzemplarze
Wycofany Status egzemplarza Uszkodzony Dostępność Lokalizacja stała Lokalizacja bieżąca Numer ubytku Sygnatura Kod kreskowy Typ dokumentu Miejsce przechowywania
  Egz. niedostępny   Niedostępny Biblioteka Politechniki Koszalińskiej Biblioteka Politechniki Koszalińskiej 11916 19901 01708264 Książka  
      Dostępny Biblioteka Politechniki Koszalińskiej Biblioteka Politechniki Koszalińskiej   19902 01708271 Książka Wypożyczalnia BG
© 2023 Biblioteka Politechniki Koszalińskiej :: KOHA